000 00197 a2200097 4500
001 4309
100 _aDavidge,H.T
245 _aTechnical electricity
260 _a
_bU.T.P
_c
090 _c3525
_d3525
942 _aNUST-CAE
_cM
_c28058
999 _c239382
_d239382